000 00358nam a2200145Ia 4500
008 210719s1994 xx 000 0 und d
041 _aeng
082 _a658.3 LATE
100 _aLATHA Kumari
245 _aEmployees welfare measures in Canara Steel Ltd.
260 _bThe Ronald Press Co.
_c1994
300 _bHB
365 _cRs
650 _aManagement
999 _c212212
_d212212